The philosophy of Mahatma Gandhi for the twenty-first century / (Record no. 18124)

MARC details
000 -LEADER
fixed length control field 01049nam a2200265 a 4500
005 - DATE AND TIME OF LATEST TRANSACTION
control field 20080616100023.0
008 - FIXED-LENGTH DATA ELEMENTS--GENERAL INFORMATION
fixed length control field 070814s2007 ii 001 0 eng
010 ## - LCCN (DPL NO)
LC control number ENG-91538
020 ## - INTERNATIONAL STANDARD BOOK NUMBER
International Standard Book Number 9780195699654
Terms of availability 695.00
020 ## - INTERNATIONAL STANDARD BOOK NUMBER
International Standard Book Number 0195699653
Terms of availability 695.00
035 ## - SYSTEM CONTROL NUMBER
System control number EN-75071
037 ## - SOURCE OF ACQUISITION
Source of stock number/acquisition DBAD / PUB
040 ## - CATALOGING SOURCE
Original cataloging agency dpl
Language of cataloging English
082 ## - DEWEY DECIMAL CLASSIFICATION NUMBER
Classification number 301.153
245 ## - TITLE STATEMENT
Title The philosophy of Mahatma Gandhi for the twenty-first century /
Statement of responsibility, etc edited by Douglas Allen
260 ## - PUBLICATION, DISTRIBUTION, ETC. (IMPRINT)
Place of publication, distribution, etc New Delhi
Name of publisher, distributor, etc Oxford University Press,
Date of publication, distribution, etc 2008
270 ## - ADDRESS
Address YMCA Library Building , Jai Singh Road,
City New Delhi
Postal code 110001
300 ## - PHYSICAL DESCRIPTION
Extent xviii, 263 p.
Dimensions 23 cm (Hb)
500 ## - GENERAL NOTE
General note Includes index
520 ## - SUMMARY, ETC.
Summary, etc Contributed articles chiefly with reference to India.
600 ## - SUBJECT ADDED ENTRY--PERSONAL NAME
Personal name Gandhi, Mahatma, 1869-1948
General subdivision Philosophy
700 ## - ADDED ENTRY--PERSONAL NAME
Personal name Allen, Douglas
942 ## - ADDED ENTRY ELEMENTS (KOHA)
Source of classification or shelving scheme Dewey Decimal Classification
Item type English Books
Call number suffix PHI
Classification part 301.153
Holdings
Withdrawn status Lost status Source of classification or shelving scheme Damaged status Not for loan Collection code Home library Current library Date acquired Source of acquisition Cost, normal purchase price Total Checkouts Full call number Barcode Date last seen Copy number Cost, replacement price Koha item type
    Dewey Decimal Classification   Not For Loan Non-fiction D.B.Act.Division D.B.Act.Division 06/11/2008 DBAD / PUB 695.00   301.153 PHI EN-75071 06/11/2008 1 695.00 English Books

© Delhi Public Library
Hit Counter
free hit counter